LEADER 01556nam a2200349 a 4500 001 000000125134 003 CaOOAMICUS 005 20110428114434.0 008 110428m20062007it u000 u ita r 020 $a88-06-16948-3 (v. 1) 020 $z978-88-0618505-3 (v. 2)* 040 $aPUL$bita 082 04$a335.4 245 00$aDizionario del comunismo nel XX secolo /$ca cura di Silvio Pons e Robert Service. 260 $aTorino :$bGiulio Einaudi,$cİ2006-2007. 300 $a2 v. ;$c22 cm 500 $aInclude indice nel v. 2 500 $aTesto su due colonne. 505 0 $aV. 1. A-L. -- v. 2. M-Z. 650 4$aComunismo$xStoria$ySec. XX.$0(OLS)http://pul/subject/25588 700 1 $aPons, Silvio.$0(OLS)http://pul/name/79102 700 1 $aService, Robert.$0(OLS)http://pul/name/79104 850 $aPUL 852 $aPUL$W1$xSL Diritto e Scienze Sociali 3$y79$m335. 4 PONSI 1.1$j144056$av. 1$qDDC 21$B143112$CPULBib$Z2$F143112 $H116794 $82 852 $aPUL$W1$xSL Diritto e Scienze Sociali 3$y79$m335. 4 PONSI 1.2$j144057$av. 2$qDDC 21$B143113$CPULBib$Z2$F143113 $H116795 $82 941 1 $a9 996 $6020$a88-06-16948-3 (v. 1)$9(OLS)http://pul/number/146989 996 $6020$z978-88-0618505-3 (v. 2)*$9(OLS)http://pul/number/146990 996 $6082$a335.4$9(OLS)http://pul/classification/565 996 $6245$aDizionario del comunismo nel XX secolo$9(OLS)http://pul/title/157755 996 $6260$aTorino :$bGiulio Einaudi$9(OLS)http://pul/publisher/54573 LEADER 00824nam a2200241 a 4500 001 000000135415 003 CaOOAMICUS 005 20130906112816.0 008 130906s1977 it u000 u ita r 040 $aPUL$bita 100 1 $aCassola, Carlo,$d1917-1987.$0(OLS)http://pul/name/65437 245 13$aLa disavventura /$cCarlo Cassola. 260 $aMilano :$bRizzoli,$c1977. 300 $a225 p. ;$c23 cm 490 1 $aLa Scala 830 3$aLa Scala.$0(OLS)http://pul/title/39890 850 $aPUL 852 $aPUL$W1$xDP1 Fondo E. Rossi$y115$m2 A 71$j156012$qFondi$B155458$CPULBib$Z2$F155458 $82 941 1 $a1 961 $aSul dorso collocazione ms. di E. Rossi: I 45 996 $6245$aLa disavventura$9(OLS)http://pul/title/171221 996 $6260$aMilano :$bRizzoli$9(OLS)http://pul/publisher/48712